00475nam a2200133Ia 4500008004100000024006000041082002000101100007700121245003500198260002600233600003200259650003300291999001700324260210s9999 xx 000 0 und d a15B-142-EL, 15B-216-EL, 15B-235-EL & 15B-104-EL a629.4743072 MUH aMuhammad Hadir Khan, M. Hamza Zubair, Shahrukh Akhter & Abaque Javed 0aGPS Based Advertisement System aKarachi:bUITU,c2015 aComputer System Engineering aBachelor of Engineering (BE) c32767d32767